|
|
|
|
| LEADER |
00000nab a2200000 a 4500 |
| 001 |
vtls000596010 |
| 003 |
SK-MaSNL |
| 005 |
20260304205736.0 |
| 008 |
160202c1996 xo 0 slo |
| 015 |
|
|
|a SNBRB19rr/mm-uuuuu
|
| 035 |
|
|
|a CL0596149
|
| 040 |
|
|
|a SNKBUCL
|b slo
|c SNKBUCL
|e AACR2
|
| 041 |
0 |
|
|a slo
|
| 044 |
|
|
|a xo
|c SK
|
| 080 |
|
|
|a 023:061.25(437.6):061.3
|2 1981
|
| 245 |
0 |
0 |
|a Deklarácia 1. slovenského knihovníckeho kongresu
|
| 610 |
2 |
7 |
|a Spolok slovenských knihovníkov
|2 SNKKA
|9 18569
|
| 648 |
|
7 |
|a 1947-2001
|2 snkbucl
|9 1540232
|
| 655 |
|
7 |
|a články z novín a časopisov
|2 snkbucl
|9 267496
|
| 773 |
0 |
|
|t Knižnice a informácie
|g Roč. 28, č. 8-9 (1996), s. 386-387
|x 1210-096X
|
| 850 |
|
|
|a Slovenská národná knižnica v Martine
|a MTA001
|
| 852 |
|
|
|a SNK
|b KIS3GCP
|
| 958 |
|
|
|a RK
|
| 958 |
|
|
|a SK
|
| 992 |
|
|
|a RBX
|
| 999 |
|
|
|c 3122767
|d 3124697
|